[Event "III Open I like Elo"]
[Site "Roma ITA"]
[Date "2009.04.01"]
[Round "4"]
[White "Antonelli, Mauro"]
[Black "Maggi, Luigi"]
[Result "1-0"]
[WhiteElo "2075"]
[BlackElo "1864"]
[PlyCount "71"]
[EventDate "2009.03.11"]

1. Nf3 d5 2. g3 c5 3. Bg2 Nc6 4. O-O e5 5. d3 Nge7 6. Nbd2 Ng6 7. e4 d4 8. a4
Be7 9. Nc4 h5 10. h4 Bg4 11. Qe1 Nb4 12. Qd2 Nc6 13. Nh2 Be6 14. b3 Qc7 15. Qe2
Nf8 16. f4 f6 17. fxe5 fxe5 18. Rf2 O-O-O 19. Nf3 Bg4 20. Qf1 Kb8 21. Nfxe5
Nxe5 22. Nxe5 Bf6 23. Nc4 Ng6 24. Bf4 Nxf4 25. Rxf4 Be5 26. Rf7 Bd7 27. Nxe5
Qxe5 28. Qf4 Qxf4 29. gxf4 Rhf8 30. Rxf8 Rxf8 31. Rf1 a6 32. Kh2 b5 33. axb5
axb5 34. Kg3 c4 35. bxc4 bxc4 36. Rb1+ 1-0

[Event "III Open I like Elo"]
[Site "Roma ITA"]
[Date "2009.04.01"]
[Round "4"]
[White "Barbieri, Massimiliano"]
[Black "Pastore, Cosmas"]
[Result "1/2-1/2"]
[WhiteElo "1296"]
[BlackElo "1806"]
[PlyCount "118"]
[EventDate "2009.03.11"]

1. e4 d5 2. exd5 Qxd5 3. Nc3 Qa5 4. Nf3 Nf6 5. Be2 c6 6. O-O Bf5 7. d3 e6 8.
Nh4 Bg6 9. Nxg6 hxg6 10. Bd2 Qc7 11. h3 Nbd7 12. Re1 O-O-O 13. a4 Bd6 14. a5
Bf4 15. a6 b6 16. Bf3 Bxd2 17. Qxd2 Ne5 18. Qf4 Nxf3+ 19. Qxf3 Rh5 20. Ne4 Nxe4
21. Rxe4 Rc5 22. c4 Rf5 23. Qe3 g5 24. d4 Rf4 25. Rd1 Rxe4 26. Qxe4 Qf4 27.
Qxc6+ Qc7 28. Qxc7+ Kxc7 29. b4 Rd7 30. Kf1 b5 31. c5 Kc6 32. Ke2 Kd5 33. Ke3
Kc4 34. c6 Rc7 35. Rb1 Rxc6 36. Rc1+ Kd5 37. Rc5+ Kd6 38. Rxb5 Rxa6 39. Rb7 Ra4
40. Rxf7 Rxb4 41. Rxa7 g4 42. hxg4 Rb3+ 43. Kf4 Rb2 44. Rxg7 Rxf2+ 45. Kg3 Rd2
46. g5 Rxd4 47. g6 e5 48. Rg8 Ke7 49. Ra8 Rd6 50. Ra7+ Kf8 51. g7+ Kg8 52. Kf3
Rg6 53. Re7 Rxg7 54. Rxe5 Kf7 55. g4 Kf6 56. Ra5 Rb7 57. g5+ Kg6 58. Kg4 Rb4+
59. Kf3 Rc4 1/2-1/2

[Event "III Open I like Elo"]
[Site "Roma ITA"]
[Date "2009.04.01"]
[Round "4"]
[White "Belli, Alessandro"]
[Black "Pala, Giorgio"]
[Result "0-1"]
[WhiteElo "1517"]
[BlackElo "1962"]
[PlyCount "82"]
[EventDate "2009.03.11"]

1. e4 c5 2. Nc3 Nc6 3. g3 d6 4. Bg2 Nf6 5. d3 a6 6. a4 Bg4 7. f3 Bd7 8. Nge2
Rb8 9. Be3 e6 10. O-O Be7 11. h3 Qc7 12. Qd2 O-O 13. f4 b5 14. axb5 axb5 15. g4
h6 16. Bf2 Nh7 17. Bg3 Bf6 18. Rab1 Nd4 19. f5 b4 20. Nd1 Bg5 21. Bf4 Nxe2+ 22.
Qxe2 Bxf4 23. Rxf4 d5 24. Rf1 dxe4 25. Bxe4 exf5 26. gxf5 Nf6 27. Bg2 Rfe8 28.
Qf2 Re5 29. Ne3 Rbe8 30. Qg3 Qd6 31. Qf4 Qe7 32. Ng4 Rxf5 33. Nxf6+ Qxf6 34.
Qc7 Qd4+ 35. Kh1 Rg5 36. Qf4 Qxf4 37. Rxf4 Re2 38. Bf1 Rxc2 39. Re4 Bc6 40.
Rbe1 f5 41. Be2 fxe4 0-1

[Event "III Open I like Elo"]
[Site "Roma ITA"]
[Date "2009.04.01"]
[Round "4"]
[White "Bonaposta, Fabrizio"]
[Black "Castelfranchi, Carlo"]
[Result "1/2-1/2"]
[WhiteElo "2044"]
[BlackElo "2081"]
[PlyCount "83"]
[EventDate "2009.03.11"]

1. e4 Nf6 2. e5 Nd5 3. d4 d6 4. c4 Nb6 5. f4 dxe5 6. fxe5 Nc6 7. Be3 Bf5 8. Nc3
e6 9. Nf3 Bg4 10. Be2 Bxf3 11. gxf3 Qh4+ 12. Bf2 Qf4 13. c5 Nd5 14. Nxd5 exd5
15. Qc1 Qxc1+ 16. Rxc1 Be7 17. f4 g6 18. Rc3 O-O-O 19. a3 f6 20. b4 Rhf8 21.
Rh3 Rf7 22. O-O Rdf8 23. e6 Rg7 24. Bf3 Rd8 25. Rd1 f5 26. b5 Na5 27. Be1 b6
28. cxb6 axb6 29. Bxa5 bxa5 30. a4 Bf6 31. Bg2 Re7 32. Re3 Rd6 33. Kf1 h6 34.
Ke2 Rexe6 35. Rxe6 Rxe6+ 36. Kd3 Rd6 37. Rc1 Kd7 38. Rc5 g5 39. fxg5 hxg5 40.
h3 g4 41. hxg4 fxg4 42. Rxd5 1/2-1/2

[Event "III Open I like Elo"]
[Site "Roma ITA"]
[Date "2009.04.01"]
[Round "4"]
[White "Capitani, Roberto"]
[Black "Carotenuto, Piero"]
[Result "1/2-1/2"]
[WhiteElo "1606"]
[BlackElo "1724"]
[PlyCount "48"]
[EventDate "2009.03.11"]

1. e4 e5 2. Nf3 Nc6 3. Bb5 Nf6 4. Nc3 d6 5. d4 Bd7 6. O-O Be7 7. dxe5 dxe5 8.
Bxc6 Bxc6 9. Nxe5 Bxe4 10. Nxe4 Nxe4 11. Qg4 Nd6 12. Qxg7 Bf6 13. Qg3 Qe7 14.
Bf4 O-O-O 15. Qg4+ Kb8 16. Rfe1 Bxe5 17. Rxe5 Qf6 18. Rd1 Rhg8 19. Rg5 Rg6 20.
Rxg6 Qxg6 21. Qg3 Qxc2 22. Qb3 Qg6 23. g3 h5 24. h4 Kc8 1/2-1/2

[Event "III Open I like Elo"]
[Site "Roma ITA"]
[Date "2009.04.01"]
[Round "4"]
[White "Castillo, Juan"]
[Black "Migliozzi, Giuseppe"]
[Result "1-0"]
[WhiteElo "1784"]
[BlackElo "1732"]
[PlyCount "95"]
[EventDate "2009.03.11"]

1. d4 Nf6 2. Nf3 e6 3. e3 b6 4. Bd3 d5 5. Nbd2 Bd6 6. Qe2 O-O 7. b3 Bb7 8. Bb2
Ne4 9. Rc1 Nd7 10. c3 c5 11. O-O f5 12. g3 Rf6 13. c4 Rh6 14. cxd5 exd5 15. Rc2
Qe8 16. Rfc1 Qh5 17. Nh4 Qg5 18. Ndf3 Qh5 19. Ne1 Qxe2 20. Bxe2 g6 21. Bb5 Ndf6
22. f3 Nxg3 23. hxg3 Bxg3 24. Nhg2 cxd4 25. Bxd4 Bh2+ 26. Kf2 Nh5 27. Bc6 Bg3+
28. Ke2 Ba6+ 29. Kd1 Rd8 30. a4 f4 31. Bb5 Bxb5 32. axb5 fxe3 33. Bxe3 g5 34.
Bxg5 Rhd6 35. Bxd8 Rxd8 36. Rc8 Rxc8 37. Rxc8+ Kf7 38. Ra8 Ke6 39. Rxa7 d4 40.
Rxh7 Nf6 41. f4 Ne4 42. Rh6+ Kf5 43. Rxb6 Nc3+ 44. Kc2 Nd5 45. Rd6 Nb4+ 46. Kd2
Ke4 47. b6 Na2 48. b7 1-0

[Event "III Open I like Elo"]
[Site "Roma ITA"]
[Date "2009.04.01"]
[Round "4"]
[White "Colantonio, Marco"]
[Black "Sicilia, Antonino"]
[Result "1-0"]
[WhiteElo "1695"]
[BlackElo "1410"]
[PlyCount "70"]
[EventDate "2009.03.11"]

1. e4 c5 2. c3 e6 3. d4 Nc6 4. d5 Nb8 5. Bb5 a6 6. Ba4 b5 7. Bc2 e5 8. Nf3 d6
9. O-O Be7 10. b4 c4 11. Be3 Nf6 12. h3 O-O 13. a4 Bb7 14. Nbd2 Nbd7 15. g4 Re8
16. Nh4 Nxd5 17. Nf5 Nxc3 18. Qf3 Bg5 19. Bxg5 Qxg5 20. Qxc3 Re6 21. Nf3 Qd8
22. Rfd1 Qf8 23. Qd2 Nf6 24. Nxd6 Rd8 25. Nxb7 Rxd2 26. Rxd2 h6 27. axb5 axb5
28. Rd8 Ne8 29. Raa8 Kh7 30. Nc5 Re7 31. Nd7 Qg8 32. Ndxe5 f6 33. Nc6 Qe6 34.
Nxe7 Qxe7 35. Rxe8 Kg6 1-0

[Event "III Open I like Elo"]
[Site "Roma ITA"]
[Date "2009.04.01"]
[Round "4"]
[White "De Lisa, Carmine"]
[Black "Simeone, Giulio"]
[Result "0-1"]
[WhiteElo "1734"]
[BlackElo "1983"]
[PlyCount "71"]
[EventDate "2009.03.11"]

1. e4 c6 2. d4 d5 3. exd5 cxd5 4. c4 Nf6 5. Nc3 g6 6. cxd5 Nxd5 7. Qb3 Nxc3 8.
Bc4 e6 9. bxc3 Nc6 10. Nf3 Bd7 11. Bb5 Qc7 12. d5 exd5 13. Qxd5 O-O-O 14. Qxf7
Re8+ 15. Be3 Bh6 16. O-O Bxe3 17. fxe3 Qb6 18. Nd4 Rxe3 19. Kh1 Rxc3 20. Qg7
Qxd4 21. Qxd4 Nxd4 22. Bxd7+ Kxd7 23. Rad1 Rc4 24. Rf4 Rd8 25. Rf7+ Kc6 26.
Rxh7 Ne6 27. Rb1 Rcd4 28. Rc1+ Nc5 29. h4 Rd1+ 30. Rxd1 Rxd1+ 31. Kh2 Nd7 32.
Rh6 Rd6 33. Kg3 Ne5 34. Kf4 Kd5 35. h5 g5+ 36. Kf5 0-1

[Event "III Open I like Elo"]
[Site "Roma ITA"]
[Date "2009.04.01"]
[Round "4"]
[White "Di Mauro, Giuseppe"]
[Black "Mazza, Maurizio"]
[Result "1-0"]
[WhiteElo "1943"]
[BlackElo "1711"]
[PlyCount "77"]
[EventDate "2009.03.11"]

1. c4 Nf6 2. Nc3 e6 3. g3 d5 4. Bg2 c6 5. cxd5 exd5 6. d4 Bf5 7. Qb3 Qb6 8.
Qxb6 axb6 9. Nf3 Nbd7 10. O-O Bd6 11. Bg5 O-O 12. a3 h6 13. Bxf6 Nxf6 14. Rac1
Rfe8 15. e3 b5 16. Nd2 b4 17. axb4 Bxb4 18. Ra1 Ra6 19. Rxa6 bxa6 20. Ra1 Bd3
21. Nb3 Rb8 22. Nc1 Bg6 23. Bf1 a5 24. Na4 Bd2 25. Nd3 Ne4 26. Ne5 Rc8 27. Bd3
Bh7 28. Rd1 Bb4 29. Rc1 c5 30. Nb6 Rd8 31. Bxe4 Bxe4 32. dxc5 d4 33. exd4 Rxd4
34. c6 Bd6 35. f4 Bc7 36. Na8 Rd2 37. Nxc7 Rg2+ 38. Kf1 Rxh2 39. Rc5 1-0

[Event "III Open I like Elo"]
[Site "Roma ITA"]
[Date "2009.04.01"]
[Round "4"]
[White "Felici, Ettore"]
[Black "Bogosaljevic, Miodrag"]
[Result "0-1"]
[WhiteElo "1691"]
[BlackElo "2030"]
[PlyCount "52"]
[EventDate "2009.03.11"]

1. f4 e5 2. fxe5 d6 3. exd6 Bxd6 4. Nf3 Nf6 5. d4 Bg4 6. Nc3 Qe7 7. Qd3 Nc6 8.
Qe3 Nb4 9. Qxe7+ Kxe7 10. Kd1 Bf5 11. Ne1 Ng4 12. e4 Nf2+ 13. Ke2 Nxh1 14. e5
Rhe8 15. Bf4 Kf8 16. Kd2 Be7 17. Nb5 Nd5 18. g3 c6 19. c4 Nxf4 20. gxf4 cxb5
21. Ke3 Bh4 22. Bg2 Nf2 23. Bxb7 Rab8 24. Bc6 bxc4 25. Bxe8 Ng4+ 26. Kf3 Rxb2
0-1

[Event "III Open I like Elo"]
[Site "Roma ITA"]
[Date "2009.04.01"]
[Round "4"]
[White "Iacoacci, Giancarlo"]
[Black "Vannelli, Vittorio"]
[Result "0-1"]
[WhiteElo "1745"]
[BlackElo "1871"]
[PlyCount "74"]
[EventDate "2009.03.11"]

1. d4 d5 2. Bf4 Nf6 3. Nf3 g6 4. e3 Bg7 5. Be2 O-O 6. Nbd2 c5 7. c3 cxd4 8.
exd4 Nc6 9. O-O Nh5 10. Bg5 h6 11. Bh4 Nf4 12. Re1 Nxe2+ 13. Qxe2 Re8 14. Bg3
Bd7 15. Ne5 Nxe5 16. Bxe5 f6 17. Bg3 e5 18. dxe5 fxe5 19. h3 Qb6 20. Nf1 Rad8
21. Rad1 Qc6 22. Qd2 Bc8 23. Qc1 b6 24. f3 e4 25. fxe4 dxe4 26. Ne3 Rd3 27. Bf2
Rf8 28. Qc2 Qf6 29. Rf1 Rfd8 30. Bh4 Qxh4 31. Qb3+ Kh7 32. Rxd3 Rxd3 33. Nd5
Bxh3 34. Nf6+ Bxf6 35. Qf7+ Bg7 36. Rf4 Rd1+ 37. Kh2 Bg4# 0-1

[Event "III Open I like Elo"]
[Site "Roma ITA"]
[Date "2009.04.01"]
[Round "4"]
[White "Marigliani, Cristiano"]
[Black "Giuliani, Sante"]
[Result "0-1"]
[WhiteElo "1817"]
[BlackElo "1935"]
[PlyCount "94"]
[EventDate "2009.03.11"]

1. e4 d5 2. exd5 Qxd5 3. Nc3 Qa5 4. d4 Nf6 5. Nf3 c6 6. Bd2 Bf5 7. Bc4 e6 8.
Nd5 Qd8 9. Nxf6+ Qxf6 10. Bg5 Qg6 11. c3 Bg4 12. Be3 Nd7 13. h3 Bxf3 14. Qxf3
Nb6 15. Bb3 Be7 16. O-O Qf6 17. Qxf6 Bxf6 18. Rfe1 O-O-O 19. Bf4 a5 20. a3 a4
21. Ba2 Nd5 22. Bxd5 Rxd5 23. Re2 Rhd8 24. Rae1 b6 25. Be5 Bxe5 26. Rxe5 Rxe5
27. Rxe5 Rd5 28. f4 Kd7 29. Kf2 Kd6 30. Ke3 f6 31. Rxd5+ Kxd5 32. Kd3 b5 33. g4
g6 34. h4 h5 35. g5 f5 36. Ke3 Kc4 37. Kd2 c5 38. dxc5 Kxc5 39. Kd3 Kd5 40. Ke3
e5 41. fxe5 Kxe5 42. Kf3 f4 43. Ke2 Ke4 44. Kf2 f3 45. Kf1 Ke3 46. Ke1 f2+ 47.
Kf1 Kf3 0-1

[Event "III Open I like Elo"]
[Site "Roma ITA"]
[Date "2009.04.01"]
[Round "4"]
[White "Marino, Giovanni"]
[Black "Foschini, Andrea"]
[Result "1-0"]
[WhiteElo "1969"]
[BlackElo "1834"]
[PlyCount "63"]
[EventDate "2009.03.11"]

1. d4 d5 2. c4 e6 3. Nf3 Nf6 4. g3 c6 5. Bg2 Qc7 6. Qc2 Bd6 7. c5 Be7 8. O-O
Nbd7 9. Bf4 Qd8 10. b4 Ne4 11. Ne5 f5 12. f3 Nef6 13. Nxd7 Bxd7 14. Nc3 O-O 15.
a4 b6 16. a5 b5 17. e4 h6 18. exf5 exf5 19. Nd1 Nh7 20. h4 g5 21. hxg5 Nxg5 22.
Kf2 Bf6 23. Qd2 Re8 24. Ne3 Qe7 25. Rh1 Qg7 26. Nc2 Re6 27. Bf1 Rae8 28. Be3
Rxe3 29. Nxe3 Rxe3 30. Kxe3 Bxd4+ 31. Qxd4 Qe7+ 32. Kf2 1-0

[Event "III Open I like Elo"]
[Site "Roma ITA"]
[Date "2009.04.01"]
[Round "4"]
[White "Occhioni, Edmondo"]
[Black "Gamberale, Francesco"]
[Result "1-0"]
[WhiteElo "1874"]
[BlackElo "1425"]
[PlyCount "43"]
[EventDate "2009.03.11"]

1. e4 c5 2. Nf3 d6 3. d4 cxd4 4. Nxd4 Nf6 5. Nc3 a6 6. Bc4 e6 7. Bb3 b5 8. a3
Bb7 9. Qe2 Qa5 10. O-O b4 11. Ba4+ Nbd7 12. axb4 Qxb4 13. Nc6 Qb6 14. Nd5 Nxd5
15. exd5 Nc5 16. Be3 Qc7 17. Bxc5 dxc5 18. Na5+ Ke7 19. Nxb7 Qxb7 20. Bc6 Qc8
21. Bxa8 Qxa8 22. dxe6 1-0

[Event "III Open I like Elo"]
[Site "Roma ITA"]
[Date "2009.04.01"]
[Round "4"]
[White "Quimi, Marco"]
[Black "Gardon, Ermanno"]
[Result "1-0"]
[WhiteElo "2245"]
[BlackElo "2144"]
[PlyCount "87"]
[EventDate "2009.03.11"]

1. d4 e6 2. Nf3 f5 3. c4 Nf6 4. Nc3 d5 5. cxd5 exd5 6. Bg5 c6 7. e3 Be7 8. Qb3
Nbd7 9. Bd3 Ne4 10. Bxe7 Qxe7 11. O-O Ndf6 12. Rad1 O-O 13. Ne5 Be6 14. f3 Nd6
15. Na4 Nd7 16. f4 Kh8 17. Rc1 Nf6 18. Qa3 Nfe4 19. Rf3 Qd8 20. Rh3 Rf6 21. Nc5
Nxc5 22. Qxc5 Ne4 23. Qb4 Qb6 24. Qxb6 axb6 25. a3 c5 26. Bxe4 fxe4 27. Rh5 g6
28. Rh6 Rc8 29. g4 Kg7 30. Rc3 cxd4 31. Rxc8 Bxc8 32. exd4 Rxf4 33. Rh3 Bxg4
34. Rc3 Be6 35. Kg2 Kf6 36. Rb3 e3 37. Rxe3 Rxd4 38. Nf3 Re4 39. Rb3 d4 40.
Rxb6 d3 41. Kg3 h5 42. h4 Ke7 43. Rxb7+ Kd6 44. Rb4 1-0

[Event "III Open I like Elo"]
[Site "Roma ITA"]
[Date "2009.04.01"]
[Round "4"]
[White "Roberti, Bruno"]
[Black "Vanzan, Alessandro"]
[Result "0-1"]
[WhiteElo "1990"]
[BlackElo "1788"]
[PlyCount "150"]
[EventDate "2009.03.11"]

1. e4 c5 2. Nf3 d6 3. Bb5+ Bd7 4. Bxd7+ Qxd7 5. c4 Nc6 6. Nc3 Nf6 7. O-O g6 8.
d3 Bg7 9. Ng5 O-O 10. f4 Qg4 11. Nf3 Nh5 12. h3 Bd4+ 13. Nxd4 Qxd1 14. Rxd1
Nxd4 15. Be3 Nc2 16. Nd5 e6 17. Rac1 Nxe3 18. Nxe3 Nxf4 19. Rc2 g5 20. Kh2 Kg7
21. g3 Ng6 22. Rf2 h5 23. d4 cxd4 24. Rxd4 Rad8 25. Rfd2 Ne5 26. Kg2 Rc8 27. b3
Rc7 28. Rxd6 Rfc8 29. Kf2 Rc6 30. Ke2 Rxd6 31. Rxd6 Rc6 32. Rxc6 Nxc6 33. Nc2
Kf6 34. Ke3 Ke5 35. Ne1 f6 36. Nd3+ Kd6 37. c5+ Kc7 38. b4 a6 39. a3 Ne7 40. a4
Kc6 41. Kd4 Ng6 42. Kc4 h4 43. b5+ Kd7 44. g4 Nf4 45. Nf2 a5 46. c6+ Kc7 47.
cxb7 Kxb7 48. Kc5 Ne2 49. Kc4 Kb6 50. Kd3 Nf4+ 51. Ke3 e5 52. Kf3 Ne6 53. Ke3
Nc5 54. Nd1 Nxa4 55. Kd3 Kxb5 56. Nc3+ Nxc3 57. Kxc3 Ka4 58. Kc4 Ka3 59. Kc3 a4
60. Kc4 Kb2 61. Kd5 a3 62. Ke6 a2 63. Kxf6 a1=Q 64. Kxg5 Qe1 65. Kf5 Qg3 66. g5
Qf4+ 67. Kg6 Qxe4+ 68. Kh6 Qf4 69. Kh5 e4 70. g6 e3 71. g7 Qf7+ 72. Kh6 Qg8 73.
Kh5 e2 74. Kxh4 e1=Q+ 75. Kh5 Qxg7 0-1

[Event "III Open I like Elo"]
[Site "Roma ITA"]
[Date "2009.04.01"]
[Round "4"]
[White "Sellitto, Pietro"]
[Black "De Maria, Isaia"]
[Result "0-1"]
[WhiteElo "1467"]
[BlackElo "1884"]
[PlyCount "92"]
[EventDate "2009.03.11"]

1. d4 d5 2. c4 e6 3. a3 Nf6 4. Nc3 Be7 5. Nf3 O-O 6. Bg5 h6 7. Bxf6 Bxf6 8. e3
c6 9. Be2 dxc4 10. Bxc4 b5 11. Ba2 Bb7 12. Ne4 Be7 13. O-O Nd7 14. b4 a5 15.
Nc5 Nxc5 16. bxc5 b4 17. Bb1 Ba6 18. Re1 Qc7 19. Qc2 f5 20. Qb3 Rf6 21. Ne5 Rb8
22. Bd3 Bxd3 23. Qxd3 b3 24. Qa6 b2 25. Rab1 Bxc5 26. Nxc6 Rb6 27. Qa8+ Rf8 28.
Qxa5 Qxc6 29. Qxc5 Rc8 30. Re2 Qxc5 31. dxc5 Rxc5 32. Rexb2 Rxb2 33. Ra1 Rcc2
34. a4 Ra2 35. Rxa2 Rxa2 36. g3 Rxa4 37. Kg2 Kf7 38. Kf3 Kf6 39. h3 g5 40. g4
e5 41. gxf5 Kxf5 42. Kg3 h5 43. Kf3 e4+ 44. Kg3 h4+ 45. Kg2 g4 46. hxg4+ Kxg4
0-1

[Event "III Open I like Elo"]
[Site "Roma ITA"]
[Date "2009.04.01"]
[Round "4"]
[White "Sermoneta, Eugenio"]
[Black "Vertechi, Pietro"]
[Result "0-1"]
[WhiteElo "1784"]
[BlackElo "1882"]
[PlyCount "112"]
[EventDate "2009.03.11"]

1. d4 e6 2. e4 d5 3. Nc3 Bb4 4. exd5 exd5 5. Bd3 Ne7 6. Nge2 c6 7. O-O Bf5 8.
Bg5 Bxd3 9. Qxd3 h6 10. Bh4 Qd7 11. Bxe7 Bxe7 12. Rfe1 Na6 13. Ng3 O-O-O 14. a3
g6 15. b4 f5 16. Nce2 Bd6 17. c4 f4 18. Nf1 dxc4 19. Qxc4 f3 20. gxf3 Nc7 21.
Rac1 Kb8 22. Neg3 Rdf8 23. Nd2 h5 24. Qf1 Bf4 25. Rcd1 Ne6 26. Nb3 Ng5 27. Qg2
h4 28. Ne4 Nxf3+ 29. Kh1 Nxe1 30. Rxe1 Qf5 31. f3 Rd8 32. h3 Rhe8 33. Rg1 Be3
34. Rd1 Rf8 35. Qh2+ Ka8 36. Qg2 Qxf3 37. Qxf3 Rxf3 38. Kg2 Rf5 39. Re1 Bxd4
40. Nxd4 Rxd4 41. Nf2 Kb8 42. Re8+ Kc7 43. Ne4 Kb6 44. Re6 a5 45. bxa5+ Kxa5
46. Nd6 Rd2+ 47. Kg1 Rg5+ 48. Kf1 b5 49. Ne4 Rf5+ 50. Ke1 Rd4 51. Nd6 Rf3 52.
Rxg6 Rxh3 53. Nf5 Rc4 54. Nd6 Rc2 55. Kd1 Ra2 56. Nb7+ Kb6 0-1

[Event "III Open I like Elo"]
[Site "Roma ITA"]
[Date "2009.04.01"]
[Round "4"]
[White "Testa, Adriano"]
[Black "Napoli, Nicolo'"]
[Result "0-1"]
[WhiteElo "2124"]
[BlackElo "2313"]
[PlyCount "70"]
[EventDate "2009.03.11"]

1. e4 c6 2. d4 d5 3. Nc3 dxe4 4. Nxe4 Nf6 5. Nxf6+ gxf6 6. Bf4 Qb6 7. b3 e5 8.
dxe5 fxe5 9. Be3 Bb4+ 10. Bd2 Bf5 11. c3 Be7 12. Bc4 Nd7 13. Be3 Qa5 14. b4
Bxb4 15. Bxf7+ Kxf7 16. Qb3+ Be6 17. Qxb4 Qxb4 18. cxb4 a5 19. bxa5 Rxa5 20. a3
Rg8 21. Nf3 Rxg2 22. Ng5+ Ke7 23. Nxh7 Bd5 24. Rf1 Rxh2 25. Ng5 Nf6 26. Bd2 Rb5
27. Bb4+ c5 28. Bc3 Rg2 29. f4 Ng4 30. Bd2 Rb2 31. O-O-O Ra2 32. Bc3 Rac2+ 33.
Kb1 Ba2+ 34. Ka1 Rxc3 35. Rg1 Rcc2 0-1

[Event "III Open I like Elo"]
[Site "Roma ITA"]
[Date "2009.04.01"]
[Round "4"]
[White "Zacchia, Marco"]
[Black "Tognotti, Andrea"]
[Result "0-1"]
[WhiteElo "1487"]
[BlackElo "1609"]
[PlyCount "76"]
[EventDate "2009.03.11"]

1. d4 d5 2. Nf3 Nf6 3. g3 e6 4. Bg2 c5 5. c3 Nc6 6. O-O Bd6 7. e3 O-O 8. Nbd2
Qc7 9. Re1 cxd4 10. cxd4 e5 11. dxe5 Nxe5 12. Nxe5 Bxe5 13. Nb3 Bg4 14. Bf3
Bxf3 15. Qxf3 Rac8 16. Nd4 Qa5 17. Rd1 Rfe8 18. a3 Bxd4 19. b4 Qc7 20. Rxd4 Qc3
21. Rb1 Qe1+ 22. Kg2 Rxc1 23. Rd1 Rxd1 24. Rxd1 Qc3 25. Qe2 d4 26. Qb5 dxe3 27.
Rd3 Qc6+ 28. Qxc6 bxc6 29. fxe3 Nd5 30. Kh3 Rxe3 31. Rd4 Re5 32. Kh4 g5+ 33.
Kh5 Kg7 34. Kg4 Nf6+ 35. Kf3 Rf5+ 36. Kg2 Nd5 37. Re4 Kf6 38. h3 Re5 0-1

[Event "III Open I like Elo"]
[Site "Roma ITA"]
[Date "2009.04.08"]
[Round "5"]
[White "Bogosaljevic, Miodrag"]
[Black "Vanzan, Alessandro"]
[Result "1-0"]
[WhiteElo "2030"]
[BlackElo "1788"]
[PlyCount "141"]
[EventDate "2009.03.11"]

1. e4 c5 2. Nf3 d6 3. d4 cxd4 4. Nxd4 Nf6 5. Nc3 g6 6. Be3 Bg7 7. f3 O-O 8. Qd2
Re8 9. O-O-O Nc6 10. g4 Bxg4 11. Nxc6 bxc6 12. fxg4 Nxg4 13. Be2 Nxe3 14. Qxe3
Qa5 15. Bc4 Qh5 16. Qf2 Rf8 17. Rhf1 Qg5+ 18. Kb1 Rab8 19. Rd3 Rb4 20. Bb3 a5
21. a3 Rb7 22. Bxf7+ Kh8 23. Qe2 Rfb8 24. b3 Qc5 25. Kb2 Qb5 26. Qd1 Qe5 27.
Ka2 Qc5 28. Bc4 Qb6 29. Na4 Qc7 30. Rf7 Rg8 31. Qg4 d5 32. Rh3 Qe5 33. Rxg7
Qxg7 34. exd5 Rc7 35. Qg3 Rgc8 36. Nb6 cxd5 37. Nxc8 Rxc8 38. Bd3 Kg8 39. Qg2
e6 40. Rg3 Kh8 41. h4 Rg8 42. Qh3 e5 43. Qe6 e4 44. Bxe4 dxe4 45. Qxe4 Rf8 46.
Rg1 Qf6 47. Rg5 Qc3 48. Qe5+ Qxe5 49. Rxe5 Rf4 50. h5 Rf5 51. Rxf5 gxf5 52. Kb2
Kg7 53. Kc1 Kh6 54. c4 Kg5 55. Kd2 Kf4 56. b4 Kg3 57. b5 f4 58. b6 f3 59. b7 f2
60. b8=Q+ Kg2 61. Qb7+ Kg1 62. Qb6 Kg2 63. Qc6+ Kg1 64. Qc5 Kg2 65. Qg5+ Kf3
66. Qe3+ Kg2 67. Qe2 Kg1 68. Qg4+ Kf1 69. Qh3+ Kg1 70. Qg3+ Kf1 71. Ke3 1-0

[Event "III Open I like Elo"]
[Site "Roma ITA"]
[Date "2009.04.08"]
[Round "5"]
[White "Carotenuto, Piero"]
[Black "Zacchia, Marco"]
[Result "1-0"]
[WhiteElo "1724"]
[BlackElo "1487"]
[PlyCount "91"]
[EventDate "2009.03.11"]

1. e4 d5 2. exd5 Nf6 3. Nf3 Nxd5 4. d4 Bg4 5. Be2 c6 6. O-O e6 7. c4 Nb6 8. b3
g6 9. Bg5 Be7 10. Bxe7 Qxe7 11. Nc3 O-O 12. h3 Bxf3 13. Bxf3 Rd8 14. Qd2 N8d7
15. Qe3 Qf8 16. d5 exd5 17. cxd5 Re8 18. Qf4 Qg7 19. Rac1 Nc5 20. Rfd1 cxd5 21.
Nxd5 Ne6 22. Nf6+ Kh8 23. Nxe8 Rxe8 24. Qe3 Qf6 25. Qc3 Qxc3 26. Rxc3 Re7 27.
Re3 Rc7 28. Rd2 Nd7 29. Bd5 Ndf8 30. Bc4 a6 31. a4 Kg7 32. g3 h6 33. h4 g5 34.
hxg5 Nxg5 35. f4 Nge6 36. Bxe6 Nxe6 37. Kf2 h5 38. Rd5 h4 39. f5 Rc2+ 40. Ke1
Rc1+ 41. Rd1 Rxd1+ 42. Kxd1 Nd4 43. gxh4 Nxf5 44. Re4 Kf6 45. Kd2 Ng3 46. Rb4
1-0

[Event "III Open I like Elo"]
[Site "Roma ITA"]
[Date "2009.04.08"]
[Round "5"]
[White "Castelfranchi, Carlo"]
[Black "Antonelli, Mauro"]
[Result "1-0"]
[WhiteElo "2081"]
[BlackElo "2075"]
[PlyCount "33"]
[EventDate "2009.03.11"]

1. e4 e5 2. Nf3 Nc6 3. Bb5 a6 4. Ba4 d6 5. Bxc6+ bxc6 6. d4 f6 7. Nc3 Ne7 8.
Be3 Ng6 9. Qd2 Be7 10. O-O-O O-O 11. h4 Rf7 12. h5 Nf8 13. dxe5 fxe5 14. Nxe5
dxe5 15. Qxd8 Bxd8 16. Rxd8 Bb7 17. Rhd1 1-0

[Event "III Open I like Elo"]
[Site "Roma ITA"]
[Date "2009.04.08"]
[Round "5"]
[White "Felici, Ettore"]
[Black "Colantonio, Marco"]
[Result "1-0"]
[WhiteElo "1691"]
[BlackElo "1695"]
[PlyCount "55"]
[EventDate "2009.03.11"]

1. c4 c5 2. Nc3 Nc6 3. Nf3 Nf6 4. d4 cxd4 5. Nxd4 g6 6. e4 d6 7. Be2 Bg7 8. O-O
O-O 9. Be3 Bd7 10. f4 e5 11. Ndb5 exf4 12. Bxf4 Qb6+ 13. Kh1 Rad8 14. Bxd6 Rfe8
15. Bc7 Qc5 16. Bxd8 Rxd8 17. Qd6 Qg5 18. Qf4 Qc5 19. Rad1 a6 20. Nd6 Nd4 21.
e5 Ne6 22. Qg3 Bc6 23. exf6 Bf8 24. Nde4 Qb6 25. Rxd8 Qxd8 26. Rd1 Qb6 27. b3
Nd4 28. Qf2 1-0

[Event "III Open I like Elo"]
[Site "Roma ITA"]
[Date "2009.04.08"]
[Round "5"]
[White "Foschini, Andrea"]
[Black "Sermoneta, Eugenio"]
[Result "1-0"]
[WhiteElo "1834"]
[BlackElo "1784"]
[PlyCount "111"]
[EventDate "2009.03.11"]

1. e4 Nc6 2. d4 d5 3. e5 Bf5 4. Nf3 e6 5. Be2 f6 6. Bf4 fxe5 7. Nxe5 Nxe5 8.
Bxe5 Nf6 9. Nc3 Bb4 10. O-O Bxc3 11. bxc3 O-O 12. Rb1 b6 13. Bd3 Nd7 14. Re1 c5
15. Qe2 Qg5 16. Bd6 Rfe8 17. Bb5 Qd8 18. Bc6 Nf6 19. Bxe8 Qxd6 20. Bb5 Ne4 21.
Qe3 Rc8 22. Bd3 cxd4 23. cxd4 Rc3 24. Rb3 Qc7 25. Rxc3 Qxc3 26. Bxe4 Qxe3 27.
Rxe3 Bxe4 28. c4 Kf7 29. f3 Bb1 30. cxd5 Bxa2 31. d6 Ke8 32. Ra3 Bc4 33. Rxa7
b5 34. Kf2 b4 35. Ke1 b3 36. Kd2 g5 37. Rxh7 Bf1 38. g3 Bg2 39. f4 b2 40. Rh8+
Kd7 41. Rb8 gxf4 42. gxf4 Kxd6 43. Ke3 Bh3 44. Rxb2 Ke7 45. Rb6 Kd7 46. Ke4 Ke7
47. Ke5 Kd7 48. d5 exd5 49. Kxd5 Ke7 50. Ke5 Kf7 51. f5 Bg2 52. h4 Bf3 53. Ra6
Ke7 54. Ra7+ Kf8 55. Kf6 Bd5 56. h5 1-0

[Event "III Open I like Elo"]
[Site "Roma ITA"]
[Date "2009.04.08"]
[Round "5"]
[White "Gardon, Ermanno"]
[Black "Vertechi, Pietro"]
[Result "1-0"]
[WhiteElo "2144"]
[BlackElo "1882"]
[PlyCount "99"]
[EventDate "2009.03.11"]

1. c4 c6 2. g3 d5 3. Bg2 Nf6 4. Nf3 Bf5 5. O-O e6 6. d3 h6 7. Be3 Nbd7 8. Nc3
Bd6 9. Qb3 Qb8 10. a4 O-O 11. a5 Ng4 12. Bd2 b6 13. Nd4 bxa5 14. Qa2 Qb6 15.
Nxf5 exf5 16. cxd5 Bc5 17. e3 cxd5 18. Nxd5 Qe6 19. Qxa5 Rab8 20. Bc3 Rfc8 21.
Rfc1 Nb6 22. Nf4 Qe7 23. Qxa7 Qxa7 24. Rxa7 Nxe3 25. Re1 Ned5 26. Bxd5 Nxd5 27.
Nxd5 Bxa7 28. Ne7+ Kf8 29. Nxc8 Rxc8 30. Re5 Rd8 31. Rxf5 Rxd3 32. Ra5 Rd7 33.
Kg2 Bd4 34. Bb4+ Kg8 35. b3 Rb7 36. Ra4 Bf6 37. Kf3 Kh7 38. Ke4 Kg6 39. Kd5
Rd7+ 40. Kc4 Rd4+ 41. Kb5 Rd3 42. Ra3 Bb2 43. Ra6+ Kf5 44. Ka4 Rf3 45. Bc5 Kg4
46. b4 Kh3 47. b5 Kxh2 48. b6 Be5 49. b7 Rc3 50. Bd6 1-0